00310nam a22001457a 450000500170000002000180001704100120003508200160004710000160006324500350007925000070011426000240012130000080014536500110015320260616141107.0 a9788199209145 aEnglish aT16 R25 ARI aAristotle V aDindigul Varalaarum Thonmaiyum a01 aChennaibNCBHc2025 a187 b155.00